| 000 | 00545nam a2200193 i 4500 | ||
|---|---|---|---|
| 001 | bg | ||
| 245 | 1 | 0 |
_aZbiór zadań z mechaniki ogólnej : _bpraca zbiorowa. _nT. 1, _pStatyka / _cpod red. J. Leyki i J. Szmeltera. |
| 250 | _aWyd. 2 popr. | ||
| 260 |
_aWarszawa : _bPWN, _c1974. |
||
| 650 | 9 | _aMechanika | |
| 650 | 9 | _aStatyka | |
| 655 | _aĆwiczenia i zadania | ||
| 700 | 1 |
_aLeyko, Jerzy _d(1918-1995). _eRed. |
|
| 700 | 1 |
_aSzmelter, Jan. _eRed. |
|
| 040 | _cBPK | ||
| 041 | _apol | ||
| 942 | _cKS | ||
| 008 | s pl f |000 0 pol | ||
| 999 |
_c3673 _d3673 |
||
| 856 |
_uhttp://koha.tu.koszalin.pl/cgi-bin/koha/opac-detail.pl?biblionumber=3673 _yKatalog online BPK |
||